<?xml version="1.0" encoding="UTF-8"?>
<record
    xmlns:xsi="http://www.w3.org/2001/XMLSchema-instance"
    xsi:schemaLocation="http://www.loc.gov/MARC21/slim http://www.loc.gov/standards/marcxml/schema/MARC21slim.xsd"
    xmlns="http://www.loc.gov/MARC21/slim">

  <leader>01322nam a2200229   4500</leader>
  <controlfield tag="001">113597</controlfield>
  <controlfield tag="003">DR-UNIBE</controlfield>
  <controlfield tag="005">20250515133839.0</controlfield>
  <controlfield tag="008">250512b2004    pr ||||| |||| 00| 0 spa d</controlfield>
  <datafield tag="040" ind1=" " ind2=" ">
    <subfield code="a">BIBLIOTECA UNIBE</subfield>
    <subfield code="c">BIBLIOTECA UNIBE</subfield>
    <subfield code="b">spa</subfield>
    <subfield code="e">rda</subfield>
  </datafield>
  <datafield tag="041" ind1=" " ind2=" ">
    <subfield code="a">spa</subfield>
  </datafield>
  <datafield tag="082" ind1=" " ind2=" ">
    <subfield code="2">22</subfield>
    <subfield code="a">347.09 P977m</subfield>
  </datafield>
  <datafield tag="110" ind1="1" ind2="0">
    <subfield code="a">Puerto Rico. Tribunal General de Justicia</subfield>
    <subfield code="9">195218</subfield>
    <subfield code="e">autor</subfield>
  </datafield>
  <datafield tag="245" ind1="1" ind2="0">
    <subfield code="a">Manual de normas y procedimientos de los centros de mediaci&#xF3;n de conflictos  /</subfield>
  </datafield>
  <datafield tag="260" ind1=" " ind2=" ">
    <subfield code="a">San Juan: </subfield>
    <subfield code="b">Tribunal General de Justicia. Oficina de administraci&#xF3;n de los tribunales, </subfield>
    <subfield code="c">2004</subfield>
  </datafield>
  <datafield tag="300" ind1=" " ind2=" ">
    <subfield code="a">45 hojas: </subfield>
    <subfield code="c">27 x 21 cm</subfield>
  </datafield>
  <datafield tag="505" ind1=" " ind2=" ">
    <subfield code="a">Cap&#xED;tulo 1. Disposiciones generales |
Cap&#xED;tulo 2. Sobre los servicios |
Cap&#xED;tulo 3. Orientaci&#xF3;n y preferidos |
Cap&#xED;tulo 4. Mediaci&#xF3;n |
Cap&#xED;tulo 5. Clasificaci&#xF3;n de los casos |
Cap&#xED;tulo 6. Confidencialidad
Cap&#xED;tulo 7. Clasificaci&#xF3;n y control de documentos |
Cap&#xED;tulo 8. Casos de violencia dom&#xE9;stica |
Cap&#xED;tulo 9. Situaciones especiales |
Cap&#xED;tulo 10. Adiestramiento de personal |
Cap&#xED;tulo 11. Disposiciones miscel&#xE1;neas </subfield>
  </datafield>
  <datafield tag="650" ind1=" " ind2="7">
    <subfield code="2">lemb</subfield>
    <subfield code="a">Resoluci&#xF3;n de disputas (Derecho) </subfield>
    <subfield code="z">Puerto Rico</subfield>
    <subfield code="v">Manuales</subfield>
    <subfield code="9">195451</subfield>
  </datafield>
  <datafield tag="650" ind1=" " ind2="7">
    <subfield code="2">lemb</subfield>
    <subfield code="a">Terceros (Derecho)</subfield>
    <subfield code="z">Puerto Rico</subfield>
    <subfield code="v">Manuales</subfield>
    <subfield code="9">195452</subfield>
  </datafield>
  <datafield tag="650" ind1=" " ind2="7">
    <subfield code="2">lemb</subfield>
    <subfield code="a">Mediaci&#xF3;n</subfield>
    <subfield code="z">Puerto Rico</subfield>
    <subfield code="v">Manuales</subfield>
    <subfield code="9">195453</subfield>
  </datafield>
  <datafield tag="942" ind1=" " ind2=" ">
    <subfield code="2">ddc</subfield>
    <subfield code="c">BK</subfield>
  </datafield>
  <datafield tag="999" ind1=" " ind2=" ">
    <subfield code="c">113597</subfield>
    <subfield code="d">113597</subfield>
  </datafield>
  <datafield tag="952" ind1=" " ind2=" ">
    <subfield code="0">0</subfield>
    <subfield code="1">0</subfield>
    <subfield code="2">ddc</subfield>
    <subfield code="7">0</subfield>
    <subfield code="8">GEN</subfield>
    <subfield code="a">Principal</subfield>
    <subfield code="d">2025-04-08</subfield>
    <subfield code="l">0</subfield>
    <subfield code="o">347.09 P977m</subfield>
    <subfield code="p">250436</subfield>
    <subfield code="r">2025-05-12 10:13:44</subfield>
    <subfield code="t">Ej. 1</subfield>
    <subfield code="w">2025-05-12</subfield>
    <subfield code="y">BK</subfield>
  </datafield>
</record>
